000
00298nam a22001457a 4500
008
230913b ||||| |||| 00| 0 eng d
020
_a
6417570
041
_a
eng
080
_a
521
082
_a
521McG
100
_a
19
101
_a
ASTRO
245
_a
COSMIC RAYS
_c
McGRAW.H
942
_2
udc
_c
BK
999
_c
60355
_d
60355